00733nam a2200277Ia 450000500170000000800460001702000180006303700100008104000080009104000080009904000080010704100080011504100080012308400080013110000290013924500250016824500420019326000230023526000090025836500050026736500080027285600530028094200100033399900210034395200910036420260324141606.0008 260324s9999 xx 000 0 eng d a9780429039768 aEBOOK aCRL beng cCRL 2eng aeng qCRL aHelen M. Hopper91208763 2aA New Woman Of Japan 2bA Political Biography Of Kato Shidzue bTaylor and Francis c1996 a b230 uhttp://www.taylorfrancis.com/books/9780429039768 cEBOOK c1812027d1812027 00104070aCRLbCRLd2026-03-24l0pCL2094186r2026-03-24 14:16:06w2026-03-24yEBOOK